[Event "Miedzynarodowy Turniej Szachowy Szachowe"]
[Site "WSUS Poznan, ul. Glogowska"]
[Date "2013.??.??"]
[Round "9.1"]
[White "Malaniuk, Vladimir P"]
[Black "Chojnacki, Tomasz"]
[Result "1-0"]
[WhiteElo "2529"]
[BlackElo "1883"]
[PlyCount "51"]
[EventDate "2013.??.??"]

1. d4 d5 2. c4 e6 3. Nc3 Be7 4. cxd5 exd5 5. Bf4 Nf6 6. e3 O-O 7. Bd3 c5 8.
Nge2 Nc6 9. dxc5 Bxc5 10. O-O a6 11. Rc1 Qe7 12. Bg5 Rd8 13. Nf4 Be6 14. Nh5
Ne5 15. Nxf6+ gxf6 16. Bh4 Bg4 17. Be2 Bxe2 18. Nxe2 Ng6 19. Rxc5 Nxh4 20. Rxd5
Nxg2 21. Rxd8+ Rxd8 22. Qa4 Nxe3 23. fxe3 Qxe3+ 24. Rf2 Kh8 25. Qf4 Rg8+ 26.
Ng3 1-0

[Event "Miedzynarodowy Turniej Szachowy Szachowe"]
[Site "WSUS Poznan, ul. Glogowska"]
[Date "2013.??.??"]
[Round "9.2"]
[White "Zakrzewski, Marek"]
[Black "Weglarz, Leszek"]
[Result "1/2-1/2"]
[WhiteElo "2126"]
[BlackElo "2224"]
[PlyCount "81"]
[EventDate "2013.??.??"]

1. e4 c5 2. Nf3 d6 3. d4 cxd4 4. Nxd4 Nf6 5. Nc3 Nc6 6. Bg5 g6 7. Bxf6 exf6 8.
Bc4 Bg7 9. Ndb5 O-O 10. Qxd6 a6 11. Qxd8 Rxd8 12. Nc7 Ra7 13. Bd3 f5 14. N7d5
fxe4 15. Bxe4 f5 16. Bd3 b5 17. O-O-O Be6 18. Nf4 Bf7 19. Kb1 Rad7 20. Rhe1 Ne5
21. Be2 Nc4 22. Bxc4 Bxc4 23. Rxd7 Rxd7 24. g3 Bxc3 25. bxc3 Kf7 26. a3 Rd2 27.
Nh3 h6 28. Kc1 Rd8 29. f4 Rc8 30. Nf2 g5 31. Rd1 gxf4 32. gxf4 Be6 33. Kb2 Rg8
34. Rd6 Rg2 35. Nd3 Rxh2 36. Rxa6 h5 37. Ne5+ Ke7 38. Ng6+ Kf7 39. Ne5+ Ke7 40.
Ng6+ Kf7 41. Ne5+ 1/2-1/2

[Event "Miedzynarodowy Turniej Szachowy Szachowe"]
[Site "WSUS Poznan, ul. Glogowska"]
[Date "2013.??.??"]
[Round "9.3"]
[White "Bartkowiak, Damian"]
[Black "Swiatek, Bartosz"]
[Result "1-0"]
[WhiteElo "2152"]
[BlackElo "2065"]
[PlyCount "99"]
[EventDate "2013.??.??"]

1. d4 Nf6 2. Nf3 g6 3. c4 Bg7 4. Nc3 O-O 5. e4 d6 6. h3 c5 7. d5 e6 8. Bd3 exd5
9. exd5 Re8+ 10. Be3 a6 11. a4 Nbd7 12. O-O Ne5 13. Nxe5 Rxe5 14. Bf4 Re8 15.
Re1 Bd7 16. Rxe8+ Nxe8 17. Qd2 Qa5 18. Re1 Bxa4 19. Re7 b5 20. Bg5 bxc4 21. Qf4
f6 22. Ne4 f5 23. Bf1 Be5 24. Qh4 h5 25. Nf6+ Bxf6 26. Bxf6 Qd2 27. Qg3 Qh6 28.
Bg5 Qf8 29. Qe3 Ng7 30. Qc3 Re8 31. Ra7 f4 32. Bh6 Re7 33. Rxa6 Bb3 34. Rxd6
Qe8 35. Rf6 Kh7 36. Bxf4 Re1 37. Bd2 Rb1 38. Qf3 Bd1 39. Qf4 Be2 40. Rf8 g5 41.
Qf6 Rxf1+ 42. Kh2 Rxf2 43. Qxf2 Qe5+ 44. Kg1 Bd3 45. Bc3 Qxd5 46. Rf7 Bf5 47.
Rxg7+ Kh6 48. Re7 h4 49. Re5 Qd1+ 50. Qf1 1-0

[Event "Miedzynarodowy Turniej Szachowy Szachowe"]
[Site "WSUS Poznan, ul. Glogowska"]
[Date "2013.??.??"]
[Round "9.4"]
[White "Glatty, Zbigniew"]
[Black "Niekras, Dawid"]
[Result "1/2-1/2"]
[WhiteElo "1915"]
[BlackElo "1971"]
[PlyCount "146"]
[EventDate "2013.??.??"]

1. e4 e5 2. Nf3 Nc6 3. Bb5 a6 4. Ba4 Nf6 5. O-O Be7 6. Re1 b5 7. Bb3 O-O 8. h3
Bb7 9. c3 d5 10. exd5 Nxd5 11. d4 exd4 12. Nxd4 Nxd4 13. Qxd4 Bd6 14. Bd2 c5
15. Qg4 Nf6 16. Qf5 Qc7 17. Bc2 Qc6 18. f3 Bc8 19. Qg5 Qc7 20. f4 h6 21. Qh4 b4
22. c4 Bb7 23. Be3 Qc6 24. Qf2 Rfe8 25. Nd2 Re7 26. Nf3 Rae8 27. Bd2 Ne4 28.
Qe3 Ng5 29. Qd3 Nxf3+ 30. gxf3 Rxe1+ 31. Rxe1 Rxe1+ 32. Bxe1 Qxf3 33. Qxf3 Bxf3
34. Kf2 Bc6 35. Ke3 Kf8 36. Be4 Bd7 37. h4 Ke7 38. h5 f5 39. Bh4+ Ke8 40. Bd5
Be7 41. Be1 Bf6 42. b3 Ke7 43. Bb7 a5 44. Bf3 a4 45. Kd3 a3 46. Bf2 Kd6 47. Bg2
Be8 48. Bf3 Bf7 49. Be2 g6 50. hxg6 Bxg6 51. Bf3 Be7 52. Kd2 Bf7 53. Kd3 Kd7
54. Be2 h5 55. Kd2 Ke8 56. Ke1 Kf8 57. Kf1 Kg7 58. Kg2 Be8 59. Bf3 Kg6 60. Kh3
Ba4 61. Bd1 Bc6 62. Bc2 Be4 63. Bd1 Bb1 64. Be3 Kg7 65. Kg3 h4+ 66. Kh3 Bd3 67.
Kg2 Kg6 68. Kh2 Bf1 69. Bf2 Bd6 70. Be3 Kh6 71. Bd2 Kg6 72. Be3 Kh6 73. Bd2 Kg6
1/2-1/2

[Event "Miedzynarodowy Turniej Szachowy Szachowe"]
[Site "WSUS Poznan, ul. Glogowska"]
[Date "2013.??.??"]
[Round "9.5"]
[White "Meczynski, Waldemar"]
[Black "Maksimenko, Andrei Jr"]
[Result "1-0"]
[WhiteElo "2159"]
[BlackElo "1961"]
[PlyCount "49"]
[EventDate "2013.??.??"]

1. e4 c5 2. Nf3 e6 3. d4 cxd4 4. Nxd4 a6 5. Nc3 Qc7 6. Bd3 Bc5 7. Nb3 Be7 8. a4
b6 9. O-O d6 10. f4 Nd7 11. Be3 Ngf6 12. Kh1 Bb7 13. Qe2 h5 14. Rf3 Nc5 15.
Nxc5 bxc5 16. Bg1 Rc8 17. Bxa6 Bxa6 18. Qxa6 h4 19. Qb5+ Nd7 20. Qd3 c4 21. Qe3
Rh5 22. Rh3 Rb8 23. Rb1 Qa5 24. Qe2 Qb5 25. Qxh5 1-0

[Event "Miedzynarodowy Turniej Szachowy Szachowe"]
[Site "WSUS Poznan, ul. Glogowska"]
[Date "2013.??.??"]
[Round "9.6"]
[White "Bednarska-bzdega, Malgorzata"]
[Black "Kozlowska, Marzena"]
[Result "1/2-1/2"]
[WhiteElo "2115"]
[BlackElo "1921"]
[PlyCount "143"]
[EventDate "2013.??.??"]

1. e4 e6 2. d4 d5 3. Nc3 dxe4 4. Nxe4 Nd7 5. Bg5 Ngf6 6. Qe2 Be7 7. O-O-O Nxe4
8. Bxe7 Qxe7 9. Qxe4 Nf6 10. Qh4 Bd7 11. Nf3 O-O-O 12. Ne5 Be8 13. Qg3 g6 14.
Qb3 Ne4 15. Qe3 Nd6 16. Be2 f6 17. Nf3 Nf5 18. Qb3 Bc6 19. Rhe1 Qd6 20. Kb1 Kb8
21. Ka1 g5 22. g4 Ne7 23. c4 Ng6 24. d5 exd5 25. Qc3 Nf4 26. c5 Qd7 27. Qxf6
Nxe2 28. Ne5 Qc8 29. Rxe2 Bb5 30. Red2 Rhg8 31. Qf3 Rgf8 32. Qb3 c6 33. Qg3 Qc7
34. Re1 Rf4 35. Nd3 Bxd3 36. Qxd3 Rxg4 37. Rde2 Re4 38. Rxe4 dxe4 39. Qxe4 Qxh2
40. Qe7 Qc7 41. Qxg5 a6 42. a3 Rd5 43. Qe3 Qd7 44. Qe8+ Qxe8 45. Rxe8+ Ka7 46.
Rh8 h5 47. b4 Rf5 48. f4 Rxf4 49. Rxh5 a5 50. Kb2 axb4 51. axb4 Rxb4+ 52. Kc3
Rg4 53. Rh1 Ra4 54. Rb1 Rh4 55. Rg1 Ka6 56. Rb1 Rh7 57. Kc4 Ka7 58. Rg1 Kb8 59.
Rg4 Kc7 60. Rd4 Rh1 61. Rg4 Kc8 62. Kb4 Rb1+ 63. Kc4 Rb5 64. Rg7 Kb8 65. Rg1
Ra5 66. Kb4 Ra6 67. Rg7 Ka7 68. Rg8 Ra1 69. Rh8 Rb1+ 70. Kc4 Rg1 71. Rh2 Rg4+
72. Kc3 1/2-1/2

[Event "Miedzynarodowy Turniej Szachowy Szachowe"]
[Site "WSUS Poznan, ul. Glogowska"]
[Date "2013.??.??"]
[Round "9.7"]
[White "Przybylak, Lukasz"]
[Black "Bajerlein, Dawid"]
[Result "0-1"]
[WhiteElo "1871"]
[BlackElo "2099"]
[PlyCount "73"]
[EventDate "2013.??.??"]

1. d4 Nf6 2. Nc3 d5 3. Nf3 g6 4. e3 Bg7 5. Ne2 O-O 6. Ng3 c5 7. Be2 Nc6 8. h3
Ne4 9. Nf1 e5 10. dxe5 Nxe5 11. N1d2 Be6 12. O-O h6 13. c3 Qc7 14. Nxe5 Qxe5
15. Bd3 Nxc3 16. bxc3 Qxc3 17. Nb3 c4 18. Ba3 Rfc8 19. Rc1 Qxd3 20. Qxd3 cxd3
21. Rfd1 Rc2 22. Rxc2 dxc2 23. Rd2 Rc8 24. Bc1 Rc4 25. g4 h5 26. f3 hxg4 27.
hxg4 b6 28. Kf2 Bc3 29. Re2 a5 30. Ba3 b5 31. Bc1 a4 32. Nd4 Bxd4 33. exd4 b4
34. Ke3 a3 35. Re1 b3 36. axb3 a2 37. Bb2 0-1

[Event "Miedzynarodowy Turniej Szachowy Szachowe"]
[Site "WSUS Poznan, ul. Glogowska"]
[Date "2013.??.??"]
[Round "9.8"]
[White "Kozlowski, Tomasz"]
[Black "Gajzner, Ryszard"]
[Result "1-0"]
[WhiteElo "1978"]
[BlackElo "1747"]
[PlyCount "93"]
[EventDate "2013.??.??"]

1. Nf3 e6 2. g3 f5 3. Bg2 Nf6 4. O-O d5 5. d3 c5 6. b3 Bd6 7. c4 O-O 8. Na3 Nc6
9. Nc2 Qe8 10. e3 Bd7 11. Bb2 Rd8 12. Nd2 Ne5 13. Bxe5 Bxe5 14. d4 Bd6 15. dxc5
Bxc5 16. Qe2 e5 17. cxd5 Bb5 18. Nc4 Nxd5 19. a4 Bc6 20. Na5 e4 21. Rac1 Bb6
22. Nxc6 Qxc6 23. Nd4 Qd7 24. Rfd1 Qf7 25. Qc4 g6 26. Bf1 Kg7 27. b4 a6 28. Qb3
Qe7 29. b5 a5 30. Bc4 Bxd4 31. Rxd4 Nb4 32. Qc3 Kh6 33. Rcd1 Rxd4 34. Rxd4 Rd8
35. Qd2 Rxd4 36. exd4+ Kg7 37. d5 Qd6 38. Qd4+ Kg8 39. Qa7 b6 40. Qa8+ Kg7 41.
Qb7+ Kg8 42. Bb3 Kh8 43. Qf7 Nd3 44. Ba2 Ne1 45. Qe6 Nf3+ 46. Kg2 Qd8 47. d6
1-0

[Event "Miedzynarodowy Turniej Szachowy Szachowe"]
[Site "WSUS Poznan, ul. Glogowska"]
[Date "2013.??.??"]
[Round "9.9"]
[White "Rozumek, Krzysztof"]
[Black "Kaczmarek, Piotr"]
[Result "0-1"]
[WhiteElo "1975"]
[BlackElo "1872"]
[PlyCount "196"]
[EventDate "2013.??.??"]

1. Nf3 d6 2. b3 e5 3. Bb2 Nf6 4. e3 g6 5. d4 exd4 6. exd4 Bg7 7. Qe2+ Qe7 8.
Qxe7+ Kxe7 9. Bd3 Re8 10. O-O Kf8 11. Nbd2 Nc6 12. a3 Bd7 13. c4 Ne7 14. Rfe1
Bf5 15. Bxf5 Nxf5 16. d5 Nd7 17. Bxg7+ Nxg7 18. Ne4 h6 19. Kf1 a6 20. Nd4 Re7
21. f4 Rae8 22. Ng3 Nc5 23. Rxe7 Rxe7 24. Nge2 Re3 25. b4 Nb3 26. Nxb3 Rxb3 27.
Ke1 Nf5 28. c5 Rd3 29. cxd6 cxd6 30. a4 Ne3 31. Kf2 Nxd5 32. b5 axb5 33. axb5
Rb3 34. Ra5 Ke7 35. g3 Kd7 36. h4 Nc7 37. Nd4 Rb4 38. Ke3 Ne6 39. Nf3 Rb3+ 40.
Kf2 Kc7 41. h5 Kb6 42. Ra8 Rxb5 43. hxg6 fxg6 44. Re8 Nc5 45. Rg8 g5 46. Rg6
Ne4+ 47. Ke3 Nxg3 48. fxg5 hxg5 49. Rxd6+ Kc7 50. Rg6 Rb3+ 51. Kf2 Ne4+ 52. Ke2
Rc3 53. Nxg5 Nxg5 54. Rxg5 b6 55. Kd2 Rc5 56. Rg7+ Kd6 57. Kd3 Rc8 58. Kd4 Rc5
59. Rg6+ Kc7 60. Rh6 Kb7 61. Rh3 Ka6 62. Rh1 Rc2 63. Ra1+ Kb5 64. Rb1+ Kc6 65.
Rb3 Kb7 66. Rb1 Rc5 67. Rb4 Ka6 68. Ra4+ Ra5 69. Rc4 Ra3 70. Rc8 Kb5 71. Rb8
Rb3 72. Rc8 Ka4 73. Ra8+ Kb4 74. Ra1 b5 75. Ra2 Rb1 76. Rd2 Rb3 77. Rd1 Rh3 78.
Ra1 Rh4+ 79. Kd3 Rh3+ 80. Kd4 Rb3 81. Ra8 Rb1 82. Kd3 Kb3 83. Kd2 b4 84. Ra7
Kb2 85. Rb7 b3 86. Ra7 Ra1 87. Rd7 Rh1 88. Ra7 Rh2+ 89. Kd1 Kb1 90. Rb7 b2 91.
Ra7 Rh4 92. Kd2 Rd4+ 93. Kc3 Rh4 94. Kd2 Rh2+ 95. Kd1 Rh5 96. Kd2 Rd5+ 97. Kc3
Kc1 98. Rh7 Rd1 0-1

[Event "Miedzynarodowy Turniej Szachowy Szachowe"]
[Site "WSUS Poznan, ul. Glogowska"]
[Date "2013.??.??"]
[Round "9.10"]
[White "Stachowiak, Slawomir"]
[Black "Pawlowski, Rafal"]
[Result "1-0"]
[WhiteElo "2000"]
[BlackElo "1531"]
[PlyCount "67"]
[EventDate "2013.??.??"]

1. e4 e6 2. d4 d5 3. Nc3 Nf6 4. e5 Nfd7 5. Nf3 c5 6. Bb5 Nc6 7. Bxc6 bxc6 8.
O-O Be7 9. Re1 O-O 10. Ne2 cxd4 11. Nexd4 Bb7 12. c3 c5 13. Ne2 Qc7 14. Ng3
Rad8 15. Qc2 Rfe8 16. Ng5 Nf8 17. Qe2 h6 18. Nf3 d4 19. cxd4 cxd4 20. Qd3 Qb8
21. Bd2 Bxf3 22. gxf3 Nd7 23. b3 Nc5 24. Qc4 Nb7 25. Rac1 Ba3 26. Rc2 d3 27.
Rc3 Bb4 28. Qg4 Bxc3 29. Nh5 Bxe5 30. Rxe5 g5 31. Nf6+ Kg7 32. Bxg5 hxg5 33.
Qxg5+ Kf8 34. Nh7# 1-0

[Event "Miedzynarodowy Turniej Szachowy Szachowe"]
[Site "WSUS Poznan, ul. Glogowska"]
[Date "2013.??.??"]
[Round "9.11"]
[White "Lisiecki, Robert"]
[Black "Kiwilsza, Piotr"]
[Result "0-1"]
[WhiteElo "1426"]
[BlackElo "1751"]
[PlyCount "48"]
[EventDate "2013.??.??"]

1. e4 e5 2. Nf3 Nc6 3. d4 exd4 4. Bc4 d6 5. Nxd4 Nf6 6. f3 Be7 7. Be3 O-O 8.
Nc3 Ne5 9. Bb3 c5 10. Nde2 c4 11. Ba4 a6 12. Nd4 b5 13. Bxb5 axb5 14. Ncxb5 Ba6
15. Nc3 d5 16. O-O dxe4 17. fxe4 Nfg4 18. Qe1 Bc5 19. Rd1 Nxe3 20. Qxe3 Ng4 21.
Qd2 Qh4 22. Rf3 Qxh2+ 23. Kf1 Qh1+ 24. Ke2 Qxg2+ 0-1

[Event "Miedzynarodowy Turniej Szachowy Szachowe"]
[Site "WSUS Poznan, ul. Glogowska"]
[Date "2013.??.??"]
[Round "9.13"]
[White "Raczynski, Krzysztof"]
[Black "Pietrucha, Jaroslaw"]
[Result "0-1"]
[WhiteElo "1595"]
[BlackElo "1823"]
[PlyCount "111"]
[EventDate "2013.??.??"]

1. e4 e5 2. f4 exf4 3. Nf3 d6 4. Bc4 Be7 5. O-O Nf6 6. d3 O-O 7. Bxf4 Nc6 8.
Nc3 Na5 9. Bb3 Nxb3 10. axb3 a6 11. Qd2 Bg4 12. Kh1 Bh5 13. Ne2 Qd7 14. Ned4
Bg6 15. b4 Rad8 16. Rae1 Rfe8 17. c3 Qc8 18. Qd1 Nd7 19. b5 axb5 20. Nxb5 Bf6
21. g4 Ne5 22. Bxe5 Bxe5 23. Nh4 c6 24. Nd4 Bxd4 25. cxd4 Qc7 26. Qf3 Rd7 27.
Rc1 Qb6 28. Qf2 Qb5 29. Qd2 Ra8 30. Nf5 Re8 31. Qc3 f6 32. g5 fxg5 33. Rc2 Rxe4
34. Rcf2 Re8 35. Qe1 h6 36. Qd1 Qd5+ 37. Kg1 Bxf5 38. Rxf5 Qxd4+ 39. Kh1 Rde7
40. Qf3 Qe3 41. Rf8+ Rxf8 42. Qxf8+ Kh7 43. Qf5+ g6 44. Qf8 Qe5 45. Rf6 d5 46.
d4 Qc7 47. b4 Rg7 48. Kg2 Qe7 49. Qxe7 Rxe7 50. b5 Rd7 51. bxc6 bxc6 52. Rxc6
h5 53. Kf3 Rf7+ 54. Kg3 g4 55. Rc2 Kh6 56. Rg2 0-1

[Event "Miedzynarodowy Turniej Szachowy Szachowe"]
[Site "WSUS Poznan, ul. Glogowska"]
[Date "2013.??.??"]
[Round "9.14"]
[White "Pawlicki, Dariusz"]
[Black "Sklepinski, Artur"]
[Result "0-1"]
[WhiteElo "1688"]
[BlackElo "1772"]
[PlyCount "68"]
[EventDate "2013.??.??"]

1. d4 Nf6 2. c4 g6 3. Nf3 Bg7 4. Nc3 O-O 5. e3 d6 6. Be2 Nbd7 7. O-O e5 8. dxe5
Nxe5 9. Nxe5 dxe5 10. e4 c6 11. Be3 Be6 12. h3 Qc7 13. Qc2 Rfd8 14. Rfd1 b6 15.
a3 Ne8 16. c5 f5 17. exf5 gxf5 18. cxb6 axb6 19. f3 Rxd1+ 20. Rxd1 Qf7 21. Rd2
b5 22. Bd3 Bb3 23. Qb1 Nd6 24. Bc2 Bxc2 25. Rxc2 Nc4 26. Re2 e4 27. fxe4 Nxe3
28. Rxe3 Bd4 29. Qd3 Qg7 30. Nd1 f4 31. Qb3+ Qf7 32. Qb4 c5 33. Qxb5 fxe3 34.
Nc3 e2+ 0-1

[Event "Miedzynarodowy Turniej Szachowy Szachowe"]
[Site "WSUS Poznan, ul. Glogowska"]
[Date "2013.??.??"]
[Round "9.17"]
[White "Nowak, Mikolaj"]
[Black "Opolski, Wojciech"]
[Result "1-0"]
[WhiteElo "1613"]
[BlackElo "1683"]
[PlyCount "55"]
[EventDate "2013.??.??"]

1. e4 e5 2. Nc3 Nf6 3. Bc4 Be7 4. d3 c6 5. Bg5 h6 6. Bh4 d6 7. Nge2 Bg4 8. h3
Bh5 9. O-O b5 10. Bb3 a5 11. a3 Na6 12. Qe1 O-O 13. f4 b4 14. Nd1 Bxe2 15. Qxe2
exf4 16. e5 Nd5 17. Bxe7 Qxe7 18. Bxd5 cxd5 19. Rxf4 dxe5 20. Rg4 f5 21. Rg6
bxa3 22. Rxa3 d4 23. Qd2 e4 24. dxe4 Qxe4 25. Nf2 Qe8 26. Rag3 Qe5 27. Rxg7+
Qxg7 28. Rxg7+ 1-0

[Event "Miedzynarodowy Turniej Szachowy Szachowe"]
[Site "WSUS Poznan, ul. Glogowska"]
[Date "2013.??.??"]
[Round "9.18"]
[White "Paliwoda, Borys"]
[Black "Miedzinski, Marek"]
[Result "1/2-1/2"]
[WhiteElo "1466"]
[BlackElo "1613"]
[PlyCount "61"]
[EventDate "2013.??.??"]

1. e4 e5 2. Nf3 d6 3. d4 exd4 4. Nxd4 Nf6 5. Nc3 Be7 6. Bc4 O-O 7. O-O c5 8.
Nf3 Bg4 9. h3 Bh5 10. Qd3 Nc6 11. Bf4 Bxf3 12. gxf3 Ne5 13. Bxe5 dxe5 14. Nd5
a6 15. Kh2 Nh5 16. a4 Bg5 17. Rg1 Nf4 18. Nxf4 Bxf4+ 19. Kh1 Qh4 20. Qf1 Rad8
21. Qg2 Qh6 22. Bd5 Rd6 23. Qg4 Rfd8 24. Qf5 Rf6 25. Qg4 Rg6 26. Qf5 Rf6 27.
Qg4 b6 28. b3 Rf8 29. Qd7 Qh4 30. Qg4 Qh6 31. Qd7 1/2-1/2

[Event "Miedzynarodowy Turniej Szachowy Szachowe"]
[Site "WSUS Poznan, ul. Glogowska"]
[Date "2013.??.??"]
[Round "9.19"]
[White "Nowak, Adam"]
[Black "Baranowski, Adam"]
[Result "1-0"]
[WhiteElo "1352"]
[BlackElo "1595"]
[PlyCount "57"]
[EventDate "2013.??.??"]

1. c4 Nc6 2. Nc3 g6 3. d4 e6 4. e4 Bg7 5. Nf3 Nge7 6. d5 exd5 7. exd5 Ne5 8.
Nd4 d6 9. Be2 O-O 10. f4 Nd7 11. O-O c6 12. Bf3 Qb6 13. Be3 Qxb2 14. Na4 Qb4
15. a3 Qa5 16. Rb1 cxd5 17. Nb5 Nf5 18. Bd2 Qd8 19. Bxd5 a6 20. Nbc3 Rb8 21.
Kh1 Nc5 22. Nb6 Be6 23. g3 Nd4 24. Bg2 Nd7 25. Nbd5 Re8 26. Re1 Nc5 27. Be3 Nf5
28. Bf2 Qa5 29. a4 1-0

[Event "Miedzynarodowy Turniej Szachowy Szachowe"]
[Site "WSUS Poznan, ul. Glogowska"]
[Date "2013.??.??"]
[Round "9.20"]
[White "Nawrocki, Arkadiusz"]
[Black "Kus, Aleksander"]
[Result "1-0"]
[WhiteElo "1576"]
[BlackElo "1452"]
[PlyCount "29"]
[EventDate "2013.??.??"]

1. e4 e5 2. d4 exd4 3. c3 dxc3 4. Bc4 cxb2 5. Bxb2 Bb4+ 6. Nc3 Qe7 7. Qd3 Nc6
8. f4 Nf6 9. e5 d6 10. O-O-O dxe5 11. Nf3 e4 12. Qc2 O-O 13. Ng5 Ng4 14. Ncxe4
Ne3 15. Nf6+ 1-0

[Event "Miedzynarodowy Turniej Szachowy Szachowe"]
[Site "WSUS Poznan, ul. Glogowska"]
[Date "2013.??.??"]
[Round "9.21"]
[White "Pawleta, Rafal"]
[Black "Wittig, Zenon"]
[Result "1/2-1/2"]
[WhiteElo "1545"]
[BlackElo "1541"]
[PlyCount "105"]
[EventDate "2013.??.??"]

1. c4 Nf6 2. Nc3 e6 3. e4 d6 4. d3 c5 5. Nf3 Nc6 6. Be2 a6 7. O-O Nd4 8. Be3
Nxe2+ 9. Qxe2 Qc7 10. h3 Bd7 11. a4 Be7 12. Rfc1 O-O 13. d4 h6 14. dxc5 dxc5
15. e5 Nh7 16. Bf4 Bc6 17. Rd1 Rad8 18. Rxd8 Qxd8 19. Rd1 Qa8 20. b3 b6 21. Rd3
Ng5 22. Bxg5 hxg5 23. Ne1 Rd8 24. Rxd8+ Qxd8 25. Qd3 Qd4 26. Qxd4 cxd4 27. Ne2
Bc5 28. Nd3 a5 29. f3 f6 30. Kf1 Be8 31. Ke1 Bg6 32. Nec1 Kf7 33. g4 Ke7 34.
Ke2 Ba3 35. exf6+ gxf6 36. Kd2 e5 37. Ne2 Ke6 38. Ng3 Bd6 39. Ne4 Be7 40. Ng3
Bd8 41. Ne4 f5 42. gxf5+ Bxf5 43. Nef2 Be7 44. Ke2 Bxd3+ 45. Nxd3 Kf5 46. Kf2
e4 47. fxe4+ Kxe4 48. Ke2 Bd6 49. Ne1 Kf4 50. Kf2 Bc5 51. Nd3+ Ke4 52. Ke2 Bd6
53. Ne1 1/2-1/2

[Event "Miedzynarodowy Turniej Szachowy Szachowe"]
[Site "WSUS Poznan, ul. Glogowska"]
[Date "2013.??.??"]
[Round "9.24"]
[White "Hoffmann, Kacper"]
[Black "Gajewski, Zbigniew"]
[Result "1/2-1/2"]
[WhiteElo "1584"]
[BlackElo "1439"]
[PlyCount "56"]
[EventDate "2013.??.??"]

1. Nc3 Nf6 2. d4 d6 3. e4 g6 4. f4 e6 5. Bd3 Nc6 6. Nf3 Ne7 7. O-O Bg7 8. Be3
Ng4 9. Bd2 O-O 10. h3 Nh6 11. e5 d5 12. g4 b6 13. Qc1 c5 14. f5 Nhxf5 15. gxf5
exf5 16. Bh6 cxd4 17. Bxg7 dxc3 18. Bxf8 Qxf8 19. bxc3 Nc6 20. Qg5 Qc5+ 21. Kh2
Qxc3 22. Qh6 Nxe5 23. Ng5 Qd2+ 24. Kg1 Qe3+ 25. Rf2 Nf3+ 26. Kf1 Nxg5 27. Re1
Qxh3+ 28. Qxh3 Nxh3 1/2-1/2

[Event "Miedzynarodowy Turniej Szachowy Szachowe"]
[Site "WSUS Poznan, ul. Glogowska"]
[Date "2013.??.??"]
[Round "9.25"]
[White "Niemier, Hubert"]
[Black "Kostecka, Marika"]
[Result "1-0"]
[WhiteElo "1372"]
[BlackElo "1274"]
[PlyCount "94"]
[EventDate "2013.??.??"]

1. d4 d5 2. Nf3 e6 3. c4 c6 4. Bg5 Nf6 5. e3 Bb4+ 6. Nc3 Nbd7 7. a3 Bd6 8. Be2
O-O 9. O-O h6 10. Bh4 Qe8 11. Qc2 Nh7 12. Bd3 f5 13. cxd5 cxd5 14. Nb5 Bb8 15.
Rac1 g5 16. Bg3 Bxg3 17. hxg3 Qg6 18. g4 h5 19. gxf5 exf5 20. Nc7 Rb8 21. Nxd5
Rf7 22. Bc4 Kh8 23. Nb4 Rg7 24. Bd3 Ndf6 25. Ne5 Qh6 26. Bxf5 Bxf5 27. Qxf5 Rf8
28. Rc8 Rxc8 29. Qxc8+ Ng8 30. Qe8 Nhf6 31. Nf7+ Kh7 32. Qxg8+ Nxg8 33. Nxh6
Kxh6 34. Rc1 a5 35. Nd3 h4 36. Rc5 a4 37. Rc2 g4 38. Nc5 Kg5 39. Nxa4 h3 40. g3
Rh7 41. Kh2 Nf6 42. Nc5 b6 43. Ne6+ Kf5 44. Nf4 Ke4 45. Rc6 Nd5 46. Nxd5 Kxd5
47. Rxb6 Ke4 1-0